The headmaster's dilemma / (Record no. 589548)
[ view plain ]
| 000 -LEADER | |
|---|---|
| fixed length control field | 01441cam a2200385 a 4500 |
| 001 - CONTROL NUMBER | |
| control field | 14750372 |
| 003 - CONTROL NUMBER IDENTIFIER | |
| control field | NUST |
| 005 - DATE AND TIME OF LATEST TRANSACTION | |
| control field | 20220509163408.0 |
| 008 - FIXED-LENGTH DATA ELEMENTS--GENERAL INFORMATION | |
| fixed length control field | 070227s2007 mau 000 1 eng |
| 010 ## - LIBRARY OF CONGRESS CONTROL NUMBER | |
| LC control number | 2007008522 |
| 020 ## - INTERNATIONAL STANDARD BOOK NUMBER | |
| International Standard Book Number | 9780618883424 |
| 020 ## - INTERNATIONAL STANDARD BOOK NUMBER | |
| International Standard Book Number | 0618883428 |
| 035 ## - SYSTEM CONTROL NUMBER | |
| System control number | (OCoLC)ocm85822520 |
| 035 ## - SYSTEM CONTROL NUMBER | |
| System control number | (OCoLC)85822520 |
| 038 ## - RECORD CONTENT LICENSOR | |
| Staff Name | waseem |
| 040 ## - CATALOGING SOURCE | |
| Original cataloging agency | DLC |
| Transcribing agency | DLC |
| Modifying agency | BTCTA |
| -- | BAKER |
| -- | C#P |
| -- | YDXCP |
| -- | DLC |
| 043 ## - GEOGRAPHIC AREA CODE | |
| Geographic area code | n-usn-- |
| 050 00 - LIBRARY OF CONGRESS CALL NUMBER | |
| Classification number | PS3501.U25 |
| Item number | H43 2007 |
| 082 00 - DEWEY DECIMAL CLASSIFICATION NUMBER | |
| Classification number | 813.54 |
| Author Mark | AUC |
| 100 1# - MAIN ENTRY--PERSONAL NAME | |
| Personal name | Auchincloss, Louis. |
| 9 (RLIN) | 91420 |
| 245 14 - TITLE STATEMENT | |
| Title | The headmaster's dilemma / |
| Statement of responsibility, etc. | Louis Auchincloss. |
| 260 ## - PUBLICATION, DISTRIBUTION, ETC. | |
| Place of publication, distribution, etc. | Boston : |
| Name of publisher, distributor, etc. | Houghton Mifflin, |
| Date of publication, distribution, etc. | 2007. |
| 300 ## - PHYSICAL DESCRIPTION | |
| Extent | 177 p. ; |
| Dimensions | 22 cm. |
| 563 ## - BINDING INFORMATION | |
| Binding note | HBK. |
| 650 #0 - SUBJECT ADDED ENTRY--TOPICAL TERM | |
| Topical term or geographic name entry element | School principals |
| Form subdivision | Fiction. |
| 9 (RLIN) | 91421 |
| 650 #0 - SUBJECT ADDED ENTRY--TOPICAL TERM | |
| Topical term or geographic name entry element | Preparatory schools |
| Form subdivision | Fiction. |
| 9 (RLIN) | 11948 |
| 651 #0 - SUBJECT ADDED ENTRY--GEOGRAPHIC NAME | |
| Geographic name | New England |
| Form subdivision | Fiction. |
| 9 (RLIN) | 11599 |
| 655 #0 - INDEX TERM--GENRE/FORM | |
| Genre/form data or focus term | Psychological fiction. |
| 856 42 - ELECTRONIC LOCATION AND ACCESS | |
| Materials specified | Publisher description |
| Uniform Resource Identifier | <a href="http://www.loc.gov/catdir/enhancements/fy0728/2007008522-d.html">http://www.loc.gov/catdir/enhancements/fy0728/2007008522-d.html</a> |
| 856 42 - ELECTRONIC LOCATION AND ACCESS | |
| Materials specified | Contributor biographical information |
| Uniform Resource Identifier | <a href="http://www.loc.gov/catdir/enhancements/fy0736/2007008522-b.html">http://www.loc.gov/catdir/enhancements/fy0736/2007008522-b.html</a> |
| 856 41 - ELECTRONIC LOCATION AND ACCESS | |
| Materials specified | Sample text |
| Uniform Resource Identifier | <a href="http://www.loc.gov/catdir/enhancements/fy0905/2007008522-s.html">http://www.loc.gov/catdir/enhancements/fy0905/2007008522-s.html</a> |
| 906 ## - LOCAL DATA ELEMENT F, LDF (RLIN) | |
| a | 7 |
| b | cbc |
| c | orignew |
| d | 1 |
| e | ecip |
| f | 20 |
| g | y-gencatlg |
| 942 ## - ADDED ENTRY ELEMENTS (KOHA) | |
| Source of classification or shelving scheme | |
| Koha item type | Book |
| Withdrawn status | Lost status | Source of classification or shelving scheme | Damaged status | Not for loan | Permanent Location | Current Location | Shelving location | Date acquired | Source of acquisition | Total Checkouts | Full call number | Barcode | Date last seen | Date last checked out | Price effective from | Koha item type |
|---|---|---|---|---|---|---|---|---|---|---|---|---|---|---|---|---|
| Central Library (CL) | Central Library (CL) | Fiction | 05/09/2022 | Donation | 1 | 813.54 AUC | CL-D-1726 | 02/19/2025 | 02/04/2025 | 05/09/2022 | Book |
